000 00946nam a2200217 i 4500
001 184397
003 ES-MaACL
005 20230906222201.0
008 150818s1898 sp a |||| | spa d
100 0 _aPapus.
_988891
245 1 0 _aEnsayo de fisiología sintética
_b: con 35 dibujos esquemáticos /
_cDr. Encausse-Papus ; traducido por Doctor F. Bercero (IAN), Alfredo R. de Aldao (Aymerich).
260 _aMadrid :
_b[s.n.],
_c1898 (
_fEst. Tip. de A. Avrial)
300 _a143 p. :
_bil. ;
_c19 cm.
500 _aCon el retr. del autor.
504 _aEl autor consta en la biogr. del mismo, p. 9.
504 _aPrecede al tít.: Biblioteca del Grupo Independiente de Estudios Esotéricos de Madrid.
650 4 _aFisiología humana.
_912890
700 1 _aBercero Guerra, Fructuoso Francisco.
_9157256
700 1 _aR. de Aldao, Alfredo R.
_9157257
852 _aES-MaACL
_jT-882-F-1
_z.- Dedicatoria autógrafa del dr. Bercero al Ateneo
999 _c184397
_d184397